[Event "CECLUB Segunda División"]
[Site "Linares"]
[Date "2017.08.12"]
[Round "7"]
[White "Santamaria Fernandez, Guillermo"]
[Black "Nieves Cabanes, Jose Manuel"]
[Result "1/2-1/2"]
[Board "2"]
[WhiteElo "2168"]
[WhiteCountry "ESP"]
[WhiteFideId "32004346"]
[WhiteEloChange "4"]
[BlackTitle "FM"]
[BlackElo "2309"]
[BlackCountry "ESP"]
[BlackFideId "22245715"]
[BlackEloChange "-4"]

1. e4 {[%clk 1:30:53]} c6 {[%clk 1:30:51]} 2. d4 {[%clk 1:30:33]} d5 {[%clk
1:31:02]} 3. e5 {[%clk 1:30:45]} Bf5 {[%clk 1:30:57]} 4. Nf3 {[%clk 1:30:29]} e6
{[%clk 1:30:43]} 5. Be2 {[%clk 1:30:29]} Bb4+ {[%clk 1:26:37]} 6. c3 {[%clk
1:28:15]} Ba5 {[%clk 1:25:55]} 7. Be3 {[%clk 1:20:33]} Nd7 {[%clk 1:25:29]} 8.
Nbd2 {[%clk 1:19:06]} h6 {[%clk 1:21:38]} 9. O-O {[%clk 1:18:21]} Ne7 {[%clk
1:18:57]} 10. b4 {[%clk 1:07:24]} Bc7 {[%clk 1:18:32]} 11. Ne1 {[%clk 1:07:26]}
O-O {[%clk 1:15:43]} 12. Bd3 {[%clk 1:04:46]} f6 {[%clk 1:13:08]} 13. f4 {[%clk
1:02:32]} Qe8 {[%clk 1:10:40]} 14. Ndf3 {[%clk 0:57:10]} a5 {[%clk 1:05:39]} 15.
a3 {[%clk 0:48:48]} Qh5 {[%clk 1:00:32]} 16. Be2 {[%clk 0:44:21]} Qe8 {[%clk
0:58:55]} 17. Nd3 {[%clk 0:43:20]} b6 {[%clk 0:51:19]} 18. Nh4 {[%clk 0:38:43]}
Bh7 {[%clk 0:50:22]} 19. Bh5 {[%clk 0:36:15]} Qc8 {[%clk 0:48:58]} 20. Bg4 {[%clk
0:35:00]} f5 {[%clk 0:48:04]} 21. Be2 {[%clk 0:34:52]} axb4 {[%clk 0:46:28]} 22.
axb4 {[%clk 0:34:25]} Qb7 {[%clk 0:44:53]} 23. Qb3 {[%clk 0:31:59]} Ra7 {[%clk
0:42:56]} 24. Rxa7 {[%clk 0:28:29]} Qxa7 {[%clk 0:43:20]} 25. Bc1 {[%clk
0:28:55]} c5 {[%clk 0:41:51]} 26. bxc5 {[%clk 0:28:18]} bxc5 {[%clk 0:41:47]} 27.
Qa3 {[%clk 0:28:40]} Bb6 {[%clk 0:37:17]} 28. Qxa7 {[%clk 0:23:01]} Bxa7 {[%clk
0:37:42]} 29. dxc5 {[%clk 0:22:23]} Rc8 {[%clk 0:33:51]} 30. Be3 {[%clk 0:22:44]}
Bxc5 {[%clk 0:31:47]} 31. Nxc5 {[%clk 0:22:49]} Nxc5 {[%clk 0:32:13]} 32. Ra1
{[%clk 0:15:23]} Ne4 {[%clk 0:30:41]} 33. Ra7 {[%clk 0:12:24]} Nc6 {[%clk
0:30:05]} 34. Ra3 {[%clk 0:12:10]} g5 {[%clk 0:18:57]} 35. Nf3 {[%clk 0:11:44]}
Bg6 {[%clk 0:18:05]} 36. fxg5 {[%clk 0:06:33]} hxg5 {[%clk 0:18:10]} 37. Nxg5
{[%clk 0:06:47]} Nxg5 {[%clk 0:18:08]} 38. Bxg5 {[%clk 0:07:12]} Nxe5 {[%clk
0:18:16]} 39. h4 {[%clk 0:07:24]} Ng4 {[%clk 0:15:54]} 40. Bxg4 {[%clk 0:06:24]}
fxg4 {[%clk 0:16:18]} 41. Bf6 {[%clk 0:06:52]} Rb8 {[%clk 0:10:42]} 42. Ra7
{[%clk 0:05:50]} Bf7 {[%clk 0:10:06]} 43. Kh2 {[%clk 0:04:45]} Rb1 {[%clk
0:08:50]} 44. Ra2 {[%clk 0:03:49]} Rf1 {[%clk 0:07:27]} 45. Bd4 {[%clk 0:03:32]}
Re1 {[%clk 0:07:29]} 46. Ra8+ {[%clk 0:02:49]} Kh7 {[%clk 0:07:38]} 47. Ra7
{[%clk 0:02:35]} Kg8 {[%clk 0:04:38]} 48. Ra8+ {[%clk 0:03:01]} Kh7 {[%clk
0:04:42]} 49. Ra7 {[%clk 0:00:35]} Kg8 {[%clk 0:04:15]} 1/2-1/2

[Event "CECLUB Segunda División"]
[Site "Linares"]
[Date "2017.08.12"]
[Round "7"]
[White "Silva Rodriguez, Fernando"]
[Black "Garcia Ortega, Jesus Angel"]
[Result "0-1"]
[Board "3"]
[WhiteElo "2235"]
[WhiteCountry "ESP"]
[WhiteFideId "2215268"]
[WhiteEloChange "-14"]
[BlackElo "2107"]
[BlackCountry "ESP"]
[BlackFideId "2215039"]
[BlackEloChange "14"]

1. d4 {[%clk 1:30:57]} d5 {[%clk 1:30:37]} 2. c4 {[%clk 1:31:19]} e6 {[%clk
1:31:01]} 3. Nc3 {[%clk 1:31:42]} c5 {[%clk 1:31:15]} 4. cxd5 {[%clk 1:32:01]}
cxd4 {[%clk 1:31:33]} 5. Qa4+ {[%clk 1:31:14]} Bd7 {[%clk 1:31:49]} 6. Qxd4
{[%clk 1:31:35]} exd5 {[%clk 1:32:10]} 7. Qxd5 {[%clk 1:28:17]} Nc6 {[%clk
1:32:31]} 8. Nf3 {[%clk 1:27:54]} Nf6 {[%clk 1:32:42]} 9. Qd1 {[%clk 1:27:48]}
Bc5 {[%clk 1:32:39]} 10. a3 {[%clk 1:21:28]} Qe7 {[%clk 1:21:19]} 11. Bg5 {[%clk
1:17:05]} Ne4 {[%clk 0:58:13]} 12. Nxe4 {[%clk 1:14:11]} Qxe4 {[%clk 0:58:35]}
13. e3 {[%clk 1:05:19]} f6 {[%clk 0:56:46]} 14. Bd3 {[%clk 0:59:37]} Qe7 {[%clk
0:49:50]} 15. Bf4 {[%clk 0:58:42]} g5 {[%clk 0:42:03]} 16. Bg3 {[%clk 0:56:50]}
a5 {[%clk 0:40:25]} 17. h3 {[%clk 0:48:30]} h5 {[%clk 0:27:47]} 18. Rc1 {[%clk
0:41:06]} O-O-O {[%clk 0:22:19]} 19. Qc2 {[%clk 0:39:52]} Bb6 {[%clk 0:20:22]}
20. Bf5 {[%clk 0:30:34]} h4 {[%clk 0:14:11]} 21. Bh2 {[%clk 0:30:49]} g4 {[%clk
0:14:16]} 22. hxg4 {[%clk 0:29:17]} h3 {[%clk 0:14:31]} 23. Kf1 {[%clk 0:20:09]}
Rdg8 {[%clk 0:11:29]} 24. Qd3 {[%clk 0:18:56]} Bxf5 {[%clk 0:08:25]} 25. Qxf5+
{[%clk 0:19:21]} Qd7 {[%clk 0:08:31]} 26. Bg3 {[%clk 0:17:25]} Qxf5 {[%clk
0:07:41]} 27. gxf5 {[%clk 0:17:50]} Bxe3 {[%clk 0:07:56]} 28. Rc3 {[%clk
0:14:48]} hxg2+ {[%clk 0:06:51]} 29. Kxg2 {[%clk 0:15:12]} Rxh1 {[%clk 0:07:05]}
30. Kxh1 {[%clk 0:15:38]} Bb6 {[%clk 0:07:28]} 31. Kg2 {[%clk 0:11:38]} Rd8
{[%clk 0:07:03]} 32. Nh4 {[%clk 0:10:34]} Rd2 {[%clk 0:07:10]} 33. b3 {[%clk
0:10:02]} Kd7 {[%clk 0:06:57]} 34. Kf3 {[%clk 0:05:47]} Bd4 {[%clk 0:07:02]} 35.
Rc4 {[%clk 0:05:22]} b5 {[%clk 0:06:56]} 36. Rc1 {[%clk 0:05:32]} Bb2 {[%clk
0:07:12]} 37. Rc5 {[%clk 0:04:56]} Rd3+ {[%clk 0:07:29]} 38. Ke4 {[%clk 0:05:00]}
Rxb3 {[%clk 0:07:49]} 39. Rd5+ {[%clk 0:04:08]} Kc8 {[%clk 0:08:12]} 40. Rc5
{[%clk 0:03:53]} Kb7 {[%clk 0:08:38]} 41. Kd5 {[%clk 0:03:44]} Rd3+ {[%clk
0:08:24]} 42. Ke6 {[%clk 0:03:56]} Kb6 {[%clk 0:08:37]} 43. Bd6 {[%clk 0:03:12]}
Rxd6+ {[%clk 0:08:54]} 44. Kxd6 {[%clk 0:03:28]} Bxa3 {[%clk 0:09:20]} 45. Ke6
{[%clk 0:03:54]} Bxc5 {[%clk 0:09:47]} 46. Kxf6 {[%clk 0:04:18]} Bxf2 {[%clk
0:10:13]} 47. Nf3 {[%clk 0:04:37]} Bc5 {[%clk 0:10:37]} 48. Ke6 {[%clk 0:05:01]}
Nd4+ {[%clk 0:11:00]} 0-1

[Event "CECLUB Segunda División"]
[Site "Linares"]
[Date "2017.08.12"]
[Round "7"]
[White "Moreno Royano, Victor"]
[Black "Nieves Cabanes, Javier"]
[Result "1-0"]
[Board "4"]
[WhiteElo "2048"]
[WhiteCountry "ESP"]
[WhiteFideId "32026463"]
[WhiteEloChange "14"]
[BlackElo "2203"]
[BlackCountry "ESP"]
[BlackFideId "22245707"]
[BlackEloChange "-14"]

1. d4 {[%clk 1:30:52]} Nf6 {[%clk 1:30:26]} 2. Bg5 {[%clk 1:31:11]} d5 {[%clk
1:28:55]} 3. Bxf6 {[%clk 1:31:24]} exf6 {[%clk 1:28:48]} 4. e3 {[%clk 1:31:39]}
Bd6 {[%clk 1:26:47]} 5. Bd3 {[%clk 1:31:52]} c6 {[%clk 1:15:05]} 6. Nd2 {[%clk
1:31:55]} f5 {[%clk 1:13:29]} 7. Qf3 {[%clk 1:30:55]} g6 {[%clk 1:11:16]} 8. h3
{[%clk 1:29:50]} h5 {[%clk 1:04:18]} 9. Ne2 {[%clk 1:25:42]} Nd7 {[%clk 1:01:09]}
10. g4 {[%clk 1:23:02]} fxg4 {[%clk 0:53:54]} 11. hxg4 {[%clk 1:22:58]} Nf6
{[%clk 0:52:59]} 12. gxh5 {[%clk 1:21:25]} gxh5 {[%clk 0:45:27]} 13. Bf5 {[%clk
1:00:29]} Rh6 {[%clk 0:41:06]} 14. O-O-O {[%clk 0:56:13]} Bxf5 {[%clk 0:41:03]}
15. Qxf5 {[%clk 0:56:21]} Qd7 {[%clk 0:41:22]} 16. Qxd7+ {[%clk 0:48:57]} Kxd7
{[%clk 0:41:45]} 17. Rdg1 {[%clk 0:48:01]} Rg6 {[%clk 0:38:25]} 18. Kd1 {[%clk
0:40:48]} Rag8 {[%clk 0:32:59]} 19. Ke1 {[%clk 0:39:32]} b5 {[%clk 0:24:39]} 20.
Nf3 {[%clk 0:37:55]} Ke6 {[%clk 0:21:59]} 21. Rxg6 {[%clk 0:35:25]} fxg6 {[%clk
0:21:11]} 22. Ng5+ {[%clk 0:35:08]} Ke7 {[%clk 0:19:43]} 23. f3 {[%clk 0:33:54]}
c5 {[%clk 0:17:18]} 24. Kf2 {[%clk 0:29:22]} Rf8 {[%clk 0:16:36]} 25. Kg2 {[%clk
0:29:17]} Kd7 {[%clk 0:15:18]} 26. Rd1 {[%clk 0:28:04]} c4 {[%clk 0:13:13]} 27.
Rg1 {[%clk 0:22:43]} Re8 {[%clk 0:12:57]} 28. Kf2 {[%clk 0:22:53]} Bb4 {[%clk
0:11:01]} 29. c3 {[%clk 0:22:32]} Bd6 {[%clk 0:10:50]} 30. Nh3 {[%clk 0:22:36]}
Rg8 {[%clk 0:10:44]} 31. Rg5 {[%clk 0:22:02]} Nh7 {[%clk 0:07:23]} 32. Rxd5
{[%clk 0:20:38]} Kc6 {[%clk 0:07:15]} 33. e4 {[%clk 0:20:50]} Rf8 {[%clk
0:05:39]} 34. Ke3 {[%clk 0:20:12]} Rf7 {[%clk 0:02:18]} 35. Nef4 {[%clk 0:17:42]}
Nf8 {[%clk 0:02:13]} 36. b3 {[%clk 0:13:36]} a6 {[%clk 0:01:39]} 37. Ne2 {[%clk
0:08:01]} Nh7 {[%clk 0:01:34]} 38. Ng5 {[%clk 0:07:37]} Rd7 {[%clk 0:01:03]} 39.
bxc4 {[%clk 0:06:02]} bxc4 {[%clk 0:01:30]} 40. Nxh7 {[%clk 0:06:20]} Rxh7 {[%clk
0:01:57]} 41. Ng1 {[%clk 0:06:31]} Ba3 {[%clk 0:01:32]} 42. Ra5 {[%clk 0:05:46]}
Bc1+ {[%clk 0:01:54]} 43. Kf2 {[%clk 0:05:54]} Kb6 {[%clk 0:02:07]} 44. Rc5
{[%clk 0:05:31]} g5 {[%clk 0:02:09]} 45. Kg3 {[%clk 0:04:33]} Rf7 {[%clk
0:01:08]} 46. Nh3 {[%clk 0:04:02]} Rg7 {[%clk 0:00:53]} 47. e5 {[%clk 0:02:24]}
Bd2 {[%clk 0:00:45]} 48. e6 {[%clk 0:01:44]} Bxc3 {[%clk 0:00:48]} 49. Rxc4
{[%clk 0:02:00]} Be1+ {[%clk 0:01:11]} 50. Kh2 {[%clk 0:01:52]} g4 {[%clk
0:00:47]} 51. fxg4 {[%clk 0:01:54]} Rxg4 {[%clk 0:00:56]} 52. Rc8 {[%clk
0:01:39]} Re4 {[%clk 0:00:43]} 53. d5 {[%clk 0:01:46]} h4 {[%clk 0:01:04]} 54.
Ng5 {[%clk 0:01:33]} Re3 {[%clk 0:01:32]} 55. Rc4 {[%clk 0:01:03]} Re5 {[%clk
0:00:40]} 56. Nf3 {[%clk 0:00:48]} Bg3+ {[%clk 0:00:53]} 57. Kh3 {[%clk 0:01:02]}
Re3 {[%clk 0:01:01]} 58. Nxh4 {[%clk 0:01:00]} Kb5 {[%clk 0:00:45]} 59. Rc2
{[%clk 0:00:57]} Be1+ {[%clk 0:00:55]} 60. Kg4 {[%clk 0:01:20]} Re4+ {[%clk
0:00:56]} 61. Kf5 {[%clk 0:01:37]} Rxh4 {[%clk 0:01:03]} 62. e7 {[%clk 0:01:49]}
Rh5+ {[%clk 0:00:47]} 63. Kg6 {[%clk 0:01:57]} Re5 {[%clk 0:01:01]} 64. Kf7
{[%clk 0:01:45]} 1-0

[Event "CECLUB Segunda División"]
[Site "Linares"]
[Date "2017.08.12"]
[Round "7"]
[White "Pazos Porta, Antonio"]
[Black "Kurajica, Bojan"]
[Result "0-1"]
[Board "1"]
[WhiteTitle "FM"]
[WhiteElo "2325"]
[WhiteCountry "ESP"]
[WhiteFideId "2263190"]
[WhiteEloChange "-5"]
[BlackTitle "GM"]
[BlackElo "2525"]
[BlackCountry "BIH"]
[BlackFideId "14400057"]
[BlackEloChange "2"]

1. e4 {[%clk 1:27:28]} c5 {[%clk 1:30:56]} 2. Nf3 {[%clk 1:27:48]} Nc6 {[%clk
1:31:22]} 3. Nc3 {[%clk 1:27:14]} Qb6 {[%clk 1:31:18]} 4. g3 {[%clk 1:25:40]} e6
{[%clk 1:31:06]} 5. Bg2 {[%clk 1:25:38]} g6 {[%clk 1:30:27]} 6. O-O {[%clk
1:24:51]} Bg7 {[%clk 1:30:53]} 7. d3 {[%clk 1:20:21]} Nge7 {[%clk 1:27:45]} 8.
Na4 {[%clk 1:18:34]} Qa5 {[%clk 1:28:10]} 9. c4 {[%clk 1:18:33]} d6 {[%clk
1:27:32]} 10. Bd2 {[%clk 1:17:16]} Qc7 {[%clk 1:27:53]} 11. Bc3 {[%clk 1:17:20]}
e5 {[%clk 1:25:22]} 12. a3 {[%clk 1:13:19]} a6 {[%clk 1:14:00]} 13. Bd2 {[%clk
1:10:57]} b5 {[%clk 1:11:31]} 14. Nc3 {[%clk 1:10:25]} bxc4 {[%clk 1:11:27]} 15.
dxc4 {[%clk 1:10:50]} Bg4 {[%clk 1:02:40]} 16. Nd5 {[%clk 1:10:05]} Nxd5 {[%clk
1:02:49]} 17. cxd5 {[%clk 1:10:26]} Nd4 {[%clk 1:03:06]} 18. Qa4+ {[%clk
1:09:20]} Bd7 {[%clk 1:01:57]} 19. Qd1 {[%clk 1:09:47]} a5 {[%clk 0:58:11]} 20.
Nxd4 {[%clk 1:06:02]} exd4 {[%clk 0:58:35]} 21. e5 {[%clk 1:06:11]} Bxe5 {[%clk
0:49:34]} 22. Bh6 {[%clk 1:05:42]} f5 {[%clk 0:49:51]} 23. b4 {[%clk 0:43:09]}
axb4 {[%clk 0:45:44]} 24. f4 {[%clk 0:41:25]} Bf6 {[%clk 0:45:58]} 25. axb4
{[%clk 0:41:50]} Rxa1 {[%clk 0:44:06]} 26. Qxa1 {[%clk 0:41:58]} Kf7 {[%clk
0:36:55]} 27. bxc5 {[%clk 0:41:28]} d3 {[%clk 0:36:18]} 28. Qa6 {[%clk 0:37:22]}
Qxc5+ {[%clk 0:36:26]} 29. Kh1 {[%clk 0:37:48]} d2 {[%clk 0:32:17]} 30. Bg5
{[%clk 0:37:39]} Bxg5 {[%clk 0:22:53]} 31. fxg5 {[%clk 0:37:01]} Re8 {[%clk
0:23:19]} 32. Qb7 {[%clk 0:36:20]} Qb5 {[%clk 0:23:10]} 33. Qc7 {[%clk 0:32:29]}
Re1 {[%clk 0:23:14]} 0-1

[Event "CECLUB Segunda División"]
[Site "Linares"]
[Date "2017.08.12"]
[Round "7"]
[White "Barlov, Dragan"]
[Black "Rey Malde, Henrique"]
[Result "1-0"]
[Board "2"]
[WhiteTitle "GM"]
[WhiteElo "2425"]
[WhiteCountry "SRB"]
[WhiteFideId "900214"]
[WhiteEloChange "2"]
[BlackElo "2184"]
[BlackCountry "ESP"]
[BlackFideId "2244969"]
[BlackEloChange "-4"]

1. c4 {[%clk 1:30:43]} c5 {[%clk 1:28:16]} 2. Nf3 {[%clk 1:29:58]} Nc6 {[%clk
1:28:29]} 3. d4 {[%clk 1:29:15]} cxd4 {[%clk 1:28:45]} 4. Nxd4 {[%clk 1:29:35]}
e6 {[%clk 1:28:23]} 5. a3 {[%clk 1:26:25]} Nf6 {[%clk 1:21:48]} 6. Nc3 {[%clk
1:24:17]} Be7 {[%clk 1:18:26]} 7. e4 {[%clk 1:19:58]} O-O {[%clk 1:15:47]} 8. Nf3
{[%clk 1:13:23]} d6 {[%clk 1:14:01]} 9. Be2 {[%clk 1:09:42]} a6 {[%clk 1:12:13]}
10. O-O {[%clk 1:09:01]} Qc7 {[%clk 1:02:31]} 11. Bf4 {[%clk 1:04:03]} Ne5 {[%clk
0:53:13]} 12. Rc1 {[%clk 1:02:53]} Nxf3+ {[%clk 0:48:20]} 13. Bxf3 {[%clk
1:03:17]} e5 {[%clk 0:45:48]} 14. Be3 {[%clk 0:52:21]} Be6 {[%clk 0:45:22]} 15.
Na4 {[%clk 0:47:30]} Qc6 {[%clk 0:42:35]} 16. Nb6 {[%clk 0:44:18]} Rad8 {[%clk
0:42:26]} 17. h3 {[%clk 0:36:38]} Rfe8 {[%clk 0:38:02]} 18. Qd3 {[%clk 0:32:35]}
Nd7 {[%clk 0:35:30]} 19. Nd5 {[%clk 0:32:51]} Nf6 {[%clk 0:32:30]} 20. Rc3 {[%clk
0:27:55]} Bxd5 {[%clk 0:29:39]} 21. cxd5 {[%clk 0:25:52]} Qd7 {[%clk 0:29:55]}
22. Rfc1 {[%clk 0:25:52]} Rc8 {[%clk 0:28:03]} 23. Qc2 {[%clk 0:25:28]} Rxc3
{[%clk 0:28:23]} 24. Qxc3 {[%clk 0:25:53]} Rb8 {[%clk 0:26:27]} 25. Ba7 {[%clk
0:23:25]} Ra8 {[%clk 0:25:49]} 26. Bb6 {[%clk 0:22:53]} Bd8 {[%clk 0:25:45]} 27.
Be3 {[%clk 0:21:01]} h6 {[%clk 0:25:55]} 28. b3 {[%clk 0:20:05]} Rb8 {[%clk
0:24:44]} 29. a4 {[%clk 0:20:04]} Kh7 {[%clk 0:19:10]} 30. Qc2 {[%clk 0:16:39]}
Ba5 {[%clk 0:18:10]} 31. Qc4 {[%clk 0:16:54]} Bd8 {[%clk 0:17:39]} 32. Kh2 {[%clk
0:16:18]} Ra8 {[%clk 0:17:17]} 33. Qc3 {[%clk 0:13:48]} Rb8 {[%clk 0:17:18]} 34.
g3 {[%clk 0:14:13]} Ra8 {[%clk 0:15:47]} 35. Bg2 {[%clk 0:13:35]} Ne8 {[%clk
0:13:08]} 36. h4 {[%clk 0:11:44]} Qg4 {[%clk 0:11:58]} 37. Qd3 {[%clk 0:08:04]}
Qh5 {[%clk 0:11:50]} 38. Kg1 {[%clk 0:07:33]} Qg4 {[%clk 0:11:43]} 39. b4 {[%clk
0:07:23]} Rc8 {[%clk 0:11:48]} 40. Rxc8 {[%clk 0:07:07]} Qxc8 {[%clk 0:12:13]}
41. Kh2 {[%clk 0:06:18]} Qg4 {[%clk 0:10:57]} 42. Qc4 {[%clk 0:05:18]} Nf6 {[%clk
0:08:42]} 43. f3 {[%clk 0:04:45]} Qd7 {[%clk 0:07:20]} 44. a5 {[%clk 0:05:11]}
Nh5 {[%clk 0:05:38]} 45. Bh3 {[%clk 0:04:39]} Qa4 {[%clk 0:05:40]} 46. Bf1 {[%clk
0:02:59]} Qd1 {[%clk 0:05:27]} 47. Kg2 {[%clk 0:02:43]} g5 {[%clk 0:04:05]} 48.
hxg5 {[%clk 0:01:08]} Bxg5 {[%clk 0:03:16]} 49. Bf2 {[%clk 0:01:30]} Qd2 {[%clk
0:03:07]} 50. Qe2 {[%clk 0:01:18]} Qxb4 {[%clk 0:02:41]} 51. f4 {[%clk 0:01:25]}
Nxf4+ {[%clk 0:02:53]} 52. gxf4 {[%clk 0:01:53]} Bxf4 {[%clk 0:03:13]} 53. Be1
{[%clk 0:01:51]} Qd4 {[%clk 0:03:09]} 54. Qd3 {[%clk 0:01:34]} Qa4 {[%clk
0:03:04]} 55. Be2 {[%clk 0:01:27]} Qd7 {[%clk 0:02:39]} 56. Qh3 {[%clk 0:01:25]}
Qa4 {[%clk 0:02:01]} 57. Qf5+ {[%clk 0:01:40]} Kg7 {[%clk 0:02:27]} 58. Bh5
{[%clk 0:01:50]} Qe8 {[%clk 0:02:22]} 59. Bh4 {[%clk 0:01:48]} Bg5 {[%clk
0:01:00]} 60. Bxg5 {[%clk 0:02:05]} hxg5 {[%clk 0:01:26]} 61. Qxg5+ {[%clk
0:02:29]} Kf8 {[%clk 0:01:45]} 62. Qf6 {[%clk 0:01:53]} Qd7 {[%clk 0:02:07]} 63.
Kg3 {[%clk 0:01:58]} Qc7 {[%clk 0:02:19]} 64. Kh4 {[%clk 0:01:55]} Ke8 {[%clk
0:01:58]} 65. Qh8+ {[%clk 0:00:52]} Ke7 {[%clk 0:02:05]} 66. Qg7 {[%clk 0:00:58]}
Qc3 {[%clk 0:01:29]} 67. Qxf7+ {[%clk 0:01:22]} Kd8 {[%clk 0:01:54]} 68. Qf8+
{[%clk 0:01:15]} Kc7 {[%clk 0:01:49]} 69. Qe7+ {[%clk 0:01:39]} Kb8 {[%clk
0:02:16]} 70. Qxd6+ {[%clk 0:01:58]} Ka7 {[%clk 0:02:37]} 71. Qb6+ {[%clk
0:02:09]} Kb8 {[%clk 0:02:49]} 72. Bg4 {[%clk 0:01:38]} Qe1+ {[%clk 0:02:53]} 73.
Kg5 {[%clk 0:00:57]} Qxe4 {[%clk 0:03:14]} 74. Qd6+ {[%clk 0:00:33]} Ka8 {[%clk
0:03:12]} 75. Qf8+ {[%clk 0:00:43]} Ka7 {[%clk 0:03:25]} 76. Qf2+ {[%clk
0:01:07]} Kb8 {[%clk 0:03:34]} 77. d6 {[%clk 0:01:13]} Qd5 {[%clk 0:01:20]} 78.
d7 {[%clk 0:00:51]} Qg8+ {[%clk 0:01:06]} 79. Kh4 {[%clk 0:01:04]} Qh7+ {[%clk
0:01:09]} 80. Kg3 {[%clk 0:01:18]} Qd3+ {[%clk 0:01:16]} 81. Kh2 {[%clk 0:01:27]}
Qd6 {[%clk 0:01:31]} 82. Qb6 {[%clk 0:01:24]} Qd2+ {[%clk 0:00:47]} 83. Kh3
{[%clk 0:01:44]} 1-0

[Event "CECLUB Segunda División"]
[Site "Linares"]
[Date "2017.08.12"]
[Round "7"]
[White "Mejuto De Ulloa, Jorge"]
[Black "Garcia Padron, Jose"]
[Result "1-0"]
[Board "3"]
[WhiteElo "2132"]
[WhiteCountry "ESP"]
[WhiteFideId "2288370"]
[WhiteEloChange "17"]
[BlackTitle "IM"]
[BlackElo "2432"]
[BlackCountry "ESP"]
[BlackFideId "2200120"]
[BlackEloChange "-8"]

1. Nf3 {[%clk 1:24:13]} Nf6 {[%clk 1:28:48]} 2. d4 {[%clk 1:23:04]} e6 {[%clk
1:29:13]} 3. Bf4 {[%clk 1:21:51]} c5 {[%clk 1:29:03]} 4. e3 {[%clk 1:21:57]} Qb6
{[%clk 1:22:23]} 5. Qc1 {[%clk 1:22:19]} d5 {[%clk 1:22:32]} 6. c3 {[%clk
1:22:13]} Bd7 {[%clk 1:22:57]} 7. a4 {[%clk 1:21:01]} Nc6 {[%clk 1:22:20]} 8. Bd3
{[%clk 1:21:14]} Rc8 {[%clk 1:21:19]} 9. O-O {[%clk 1:18:44]} Nh5 {[%clk
1:21:10]} 10. Bg3 {[%clk 1:12:12]} Nxg3 {[%clk 1:19:46]} 11. hxg3 {[%clk
1:12:41]} g6 {[%clk 1:18:56]} 12. Nbd2 {[%clk 1:11:57]} Bg7 {[%clk 1:19:18]} 13.
Qb1 {[%clk 1:11:12]} O-O {[%clk 1:19:01]} 14. a5 {[%clk 1:01:24]} Nxa5 {[%clk
1:18:32]} 15. dxc5 {[%clk 1:01:51]} Qc7 {[%clk 1:18:56]} 16. b4 {[%clk 1:02:14]}
Nc6 {[%clk 1:18:50]} 17. Qb3 {[%clk 1:00:58]} b6 {[%clk 1:17:48]} 18. cxb6 {[%clk
0:59:15]} axb6 {[%clk 1:18:07]} 19. Ra3 {[%clk 0:56:48]} Ra8 {[%clk 1:15:57]} 20.
Rfa1 {[%clk 0:51:01]} Rxa3 {[%clk 1:16:20]} 21. Rxa3 {[%clk 0:51:29]} Rc8 {[%clk
1:16:41]} 22. Bb5 {[%clk 0:49:29]} Na7 {[%clk 1:10:42]} 23. Ba6 {[%clk 0:47:24]}
Rd8 {[%clk 1:10:59]} 24. Nd4 {[%clk 0:46:26]} e5 {[%clk 1:11:02]} 25. N4f3 {[%clk
0:46:45]} Nb5 {[%clk 1:10:03]} 26. Bxb5 {[%clk 0:46:45]} Bxb5 {[%clk 1:10:25]}
27. Qa2 {[%clk 0:47:03]} Qc6 {[%clk 1:09:45]} 28. e4 {[%clk 0:42:45]} dxe4 {[%clk
0:37:23]} 29. Ng5 {[%clk 0:42:52]} Qf6 {[%clk 0:27:37]} 30. Ndxe4 {[%clk
0:41:35]} Qe7 {[%clk 0:26:58]} 31. Ra7 {[%clk 0:37:12]} Bd7 {[%clk 0:27:09]} 32.
Ra8 {[%clk 0:30:56]} Be8 {[%clk 0:26:30]} 33. Ra7 {[%clk 0:28:34]} Rd7 {[%clk
0:25:03]} 34. Ra8 {[%clk 0:28:48]} Rd8 {[%clk 0:20:35]} 35. Ra7 {[%clk 0:29:15]}
Bd7 {[%clk 0:20:53]} 36. Ra8 {[%clk 0:28:34]} Rxa8 {[%clk 0:17:26]} 37. Qxa8+
{[%clk 0:29:03]} Bf8 {[%clk 0:17:05]} 38. Qb7 {[%clk 0:26:13]} Bf5 {[%clk
0:10:23]} 39. Qxb6 {[%clk 0:26:36]} Kg7 {[%clk 0:10:49]} 40. Qc6 {[%clk 0:26:38]}
Bd7 {[%clk 0:10:09]} 41. Qd5 {[%clk 0:26:32]} Bc8 {[%clk 0:10:04]} 42. Qc4 {[%clk
0:19:37]} Bb7 {[%clk 0:09:33]} 43. Nf3 {[%clk 0:20:02]} Qd7 {[%clk 0:07:39]} 44.
Qe2 {[%clk 0:17:09]} Qd5 {[%clk 0:07:47]} 45. Ned2 {[%clk 0:14:49]} f6 {[%clk
0:07:44]} 46. c4 {[%clk 0:14:35]} Qd7 {[%clk 0:06:57]} 47. c5 {[%clk 0:15:01]}
Bc6 {[%clk 0:07:22]} 48. Nc4 {[%clk 0:13:35]} Qd5 {[%clk 0:07:14]} 49. Ne3 {[%clk
0:13:25]} Qd7 {[%clk 0:07:32]} 50. Qc4 {[%clk 0:13:27]} Be7 {[%clk 0:07:00]} 51.
g4 {[%clk 0:13:51]} Bd8 {[%clk 0:06:42]} 52. Qc3 {[%clk 0:13:33]} h6 {[%clk
0:06:23]} 53. Nd2 {[%clk 0:13:24]} Bc7 {[%clk 0:06:27]} 54. Ndc4 {[%clk 0:13:49]}
Kf7 {[%clk 0:05:40]} 55. Na3 {[%clk 0:13:59]} f5 {[%clk 0:05:44]} 56. gxf5 {[%clk
0:14:23]} gxf5 {[%clk 0:06:11]} 57. b5 {[%clk 0:14:41]} Bd5 {[%clk 0:05:57]} 58.
Qd3 {[%clk 0:10:58]} Be6 {[%clk 0:06:16]} 59. Qxd7+ {[%clk 0:11:12]} Bxd7 {[%clk
0:06:44]} 60. c6 {[%clk 0:11:37]} Be6 {[%clk 0:06:30]} 61. Nec4 {[%clk 0:12:03]}
Ke7 {[%clk 0:06:16]} 62. b6 {[%clk 0:12:28]} Bd6 {[%clk 0:05:37]} 63. b7 {[%clk
0:09:44]} Bb8 {[%clk 0:05:43]} 64. Kf1 {[%clk 0:09:13]} Bd5 {[%clk 0:06:03]} 65.
Na5 {[%clk 0:08:36]} Kd8 {[%clk 0:06:13]} 66. Nb5 {[%clk 0:08:37]} h5 {[%clk
0:05:35]} 67. f3 {[%clk 0:07:45]} h4 {[%clk 0:05:50]} 68. Kf2 {[%clk 0:08:03]}
Be6 {[%clk 0:05:18]} 69. c7+ {[%clk 0:07:49]} Bxc7 {[%clk 0:05:46]} 70. Nc6+
{[%clk 0:08:11]} Kd7 {[%clk 0:06:11]} 71. Nxc7 {[%clk 0:08:24]} 1-0